000 01432namaa22003251i 4500
005 20260510133704.0
008 260510s1994 ua a|||frm||| 000 0 eng d
040 _aEG-GICUC
_beng
_cEG-GICUC
_dEG-GICUC
_erda
041 0 _aeng
_beng
_bara
049 _aDeposite
097 _aPh.D
099 _aCai01.12.15.Ph.D.1994.Fa.C.
100 0 _aFadia Youssef Mohamed Ahmed,
_epreparation.
245 1 0 _aCompartive Study Of The Radioactivity And Geochemistry Of The Upper Cretaceous Phosphate -Bearing Sediments In The Western And Eastern Sinai-Egypt /
_cBy Fadia Youssef Mohamed Ahmed; Supervising Prof.Dr. H.A.Hussein, Prof.Dr. A.M.Kammar, Prof.Dr. M.M.ALy.
246 1 5 _aدراسة مقارنة لأشعاعية وجيوكيميائية الصخور الحاملة للفوسفات في غرب وشرق سيناء مصر /
264 0 _c1994.
300 _a205 pages :
_billustrations ;
_c30 cm. +
336 _2rda content
_atext
337 _2rdamedia
_aUnmediated
338 _2rdacarrier
_avolume
502 _aThesis (Ph.D)-Cairo University, 1994.
504 _aBibliography: pages 181-205.
653 0 _aGeology
700 0 _aH.A.Hussein
_ethesis advisor.
700 0 _aA.M.Kammar
_ethesis advisor.
700 0 _aM.M.ALy
_ethesis advisor.
900 _DDepartment of Geology
_FFaculty of Science
_UCairo University
_b1994
_cH.A.Hussein
_cA.M.Kammar
_cM.M.ALy
905 _aEman El gebaly
942 _2ddc
_cTH
_e21
_n0
999 _c180076